000 00425nam a2200169Ia 4500
003 GCL
008 140319s9999 xx 000 0 eng d
040 _aGCL /
_cGCL
082 0 4 _aP
_b050
_bH T
100 1 _aHASSAN FAKER EL DIN
245 1 0 _aTHE ASWAN TROUPE OF FOLKLOUREC ARTS /
_cHASSAN FAKER EL DIN
260 _a[S.N] :
_bHASSAN FAKER EL DIN
300 _a24
650 0 4 _aART
650 0 4 _aARTISTS
942 _2ddc
_cCR
999 _c25814
_d25814